000 00461nam a2200181Ia 4500
001 2125
005 20260306143819.0
008 260306t1990||||xx |||||||||||||| ||spa||
041 _aESP
082 _a613.79
_bG59
100 _aGoleman, Daniel
_eAUT
245 0 _aGuía de la relajación:
_bTécnicas y masajes para derrotar al estrés
260 _c1990
300 _a193 páginas :
_c24 cm.
650 _aGEN
654 _aCPS
942 _cLIB
_dJUS
_fJUS
_2ddc
_n
999 _c2125
_d2125